| 000 | 01290nam a2200313 c 4500 | ||
|---|---|---|---|
| 003 | BLK | ||
| 005 | 20180420222937.0 | ||
| 008 | 180408b bul|||||r ||||||| ||bul|| | ||
| 010 | _aKNG00064312000 | ||
| 040 | _aBLK | ||
| 041 |
_aBUL _cBUL |
||
| 080 |
_aТелевизионни приемници. Телевизори _b621.397.62 _x.004.67(035) _z621.397.62.004.67(035) |
||
| 100 | 1 |
_aСокачев, Ангел Иванов _eпърви автор _9256112 |
|
| 139 |
_aСокачев, Ангел Иванов _bС 50 |
||
| 245 | 1 | 0 |
_aОткриване и отстраняване на повреди в новите телевизионни приемници _bРъководство _cАнгел Иванов Сокачев. |
| 257 | _aBGR | ||
| 260 |
_аСофия _bТехника _c1989 _fЯмбол : Г. Димитров |
||
| 300 |
_a216 с. _bсъс сх., 3 л. сх. _c20 см |
||
| 380 | _a62 | ||
| 490 | 1 |
_aБиблиотека по радиоелектроника _v8 |
|
| 650 | 4 |
_aТелевизионни приемници и приемане _9286505 |
|
| 653 | _aтелевизори | ||
| 653 | _aремонти | ||
| 852 | _aЦб 158757 | ||
| 856 | 4 |
_qpdf _u |
|
| 856 | 4 |
_qpdf _u |
|
| 942 |
_cKNG _n0 |
||
| 944 |
_aCR _c13.06.2004 _kГеновева_Генчева |
||
| 944 |
_aED _c11.03.2010 _k |
||
| 999 |
_c60174 _d60174 |
||